Catálogo
 En Linea

Salomé Ureña : (Registro nro. 17352)

Detalles MARC
000 -CABECERA
campo de control de longitud fija 01009nam a2200253 a 4500
001 - NÚMERO DE CONTROL
campo de control 000017828
003 - IDENTIFICADOR DEL NÚMERO DE CONTROL
campo de control OSt
005 - FECHA Y HORA DE LA ÚLTIMA TRANSACCIÓN
campo de control 20240228133748.0
008 - DATOS DE LONGITUD FIJA--INFORMACIÓN GENERAL
campo de control de longitud fija 100406s1998 dr 000 0 spa d
040 ## - FUENTE DE LA CATALOGACIÓN
Centro catalogador/agencia de origen DO-SdBNP
Lengua de catalogación spa
Centro/agencia transcriptor BNPHU
082 ## - NÚMERO DE LA CLASIFICACIÓN DECIMAL DEWEY
Número de clasificación 923.77293
Número de documento/Ítem C355s
100 1# - ENTRADA PRINCIPAL--NOMBRE DE PERSONA
Nombre de persona Castro Ventura, Santiago
9 (RLIN) 1837
245 10 - MENCIÓN DE TÍTULO
Título Salomé Ureña :
Resto del título jornada fecunda /
Mención de responsabilidad, etc. Santiago Castro Ventura.
260 ## - PUBLICACIÓN, DISTRIBUCIÓN, ETC.
Lugar de publicación, distribución, etc. Santo Domingo :
Nombre del editor, distribuidor, etc. De Colores,
Fecha de publicación, distribución, etc. 1998.
300 ## - DESCRIPCIÓN FÍSICA
Extensión 323 p. ;
Dimensiones 21 cm.
504 ## - NOTA DE BIBLIOGRAFÍA, ETC.
Nota de bibliografía, etc. Bibliografía : p. 223-230
505 0# - NOTA DE CONTENIDO CON FORMATO
Nota de contenido con formato Capítulo 1 -- Obscurantismo -- Capítulo 2 -- La trovadora del Ozama -- Capítulo 3 -- Educadora militante -- Capítulo 4 -- Desvelos maternales -- Capítulo 5 -- Familia Henríquez Ureña.
590 ## - NOTA LOCAL (RLIN)
Nota local Inventariado, 2020/MFF
600 10 - PUNTO DE ACCESO ADICIONAL DE MATERIA--NOMBRE DE PERSONA
Nombre de persona Ureña de Henríquez, Salomé ,
Fechas asociadas al nombre 1850-1897
9 (RLIN) 920
650 #4 - PUNTO DE ACCESO ADICIONAL DE MATERIA--TÉRMINO DE MATERIA
Término de materia o nombre geográfico como elemento de entrada Poetisas dominicanas
Subdivisión de forma Biografías
9 (RLIN) 38728
650 #4 - PUNTO DE ACCESO ADICIONAL DE MATERIA--TÉRMINO DE MATERIA
Término de materia o nombre geográfico como elemento de entrada Maestros
Subdivisión geográfica República Dominicana
Subdivisión de forma Biografías
9 (RLIN) 38729
910 ## - DATOS DE OPCIÓN DEL USUARIO (OCLC)
Datos de opción del usuario Validado. Control de calidad MFF
942 ## - ELEMENTOS DE PUNTO DE ACCESO ADICIONAL (KOHA)
Fuente del sistema de clasificación o colocación Dewey Decimal Classification
Tipo de ítem Koha Libro
Existencias
Estado de retiro Estado de pérdida Fuente del sistema de clasificación o colocación Restricciones de uso No para préstamo Código de colección Localización permanente Ubicación/localización actual Ubicación en estantería Fecha de adquisición Número de inventario Total de préstamos Signatura topográfica completa Código de barras Fecha visto por última vez Precio válido a partir de Tipo de ítem Koha Número de copia
    Dewey Decimal Classification Excluido de préstamo Excluido de préstamo Patrimonio Dominicano Biblioteca Nacional Pedro Henríquez Ureña Patrimonio Dominicano Depósito 06.04.2010 LF1   BNPHU PD 923.77293 C355s 17828-10 25.06.2020 25.06.2020 Libro y Folleto Colección Patrimonio Dominicano  
  Extraviado Dewey Decimal Classification Excluido de préstamo Préstamo restrigido Patrimonio Dominicano Biblioteca Nacional Pedro Henríquez Ureña Patrimonio Dominicano Extraviado 06.04.2010 LF1   BNPHU PD 923.77293 C355s 17828-20 25.06.2020 25.06.2020 Libro y Folleto Colección Patrimonio Dominicano e. 2

Con tecnología Koha